000
00289 a2200145 4500
001
109733
041
_a
por
090
_a
Departamento Pessoal
245
1
0
_a
Computador HP
250
_a
. ed.
300
_a
HP
040
_a
BR-BrIDEA
_c
BR-BrIDEA
260
_a
[S.l.]
_c
2016
942
_c
DE
999
_c
109733
_d
109733